000 01879nam a22001577a 4500
041 _aeng
080 _a09
090 _bКУШ
100 _aКушнір Н. І.
245 _aСтруктурно-функціональні особливості англомовних текстів на матеріалі персональних сторінок сучасних лексикологів в мережі Інтернет
260 _aОстрог
_bКАФ
_c2003
300 _a55
520 _aРозділ 1. Функціональні особливості англомовних текстів на матеріалі сторінок сучасних лексикологів у мережі Інтернет 1.1 Комунікативна функція текстів у мережі Інтернет 1.2 Інформативна функція досліджуваних текстів і типи текстової інформації 1.3 Умотивна та експресивна функції досліджуваних текстів 1.4 Функціональна спрямованість сторінок сучасних лексикологів Розділ 2. Структурні та лексико-стилістичні особливості текстів, взятих із сторінок сучасних лексикологів 2.1 Структурні особливості досліджуваних текстів 2.2 Лексичні особливості англомовних текстів на матеріалі персональних сторінок сучасних лексикологів в мережі Інтернет 2.3 Стилістичне оформлення англомовних текстів
_0стилістика, комунікація, текст
650 _aResearch Papers
999 _c281831
_d281831
942 _cBK